书目信息 |
| 题名: |
结构力学
|
|
| 作者: | 胡兴国 主编 | |
| 分册: | ||
| 出版信息: | 武汉 武汉工业大学出版社 1997.12 |
|
| 页数: | 306页 | |
| 开本: | 16开 | |
| 丛书名: | ||
| 单 册: | ||
| 中图分类: | O342-43 | |
| 科图分类: | ||
| 主题词: | 固体力学 | |
| 电子资源: | ||
| ISBN: | 7-5629-1215-7 | |
| 000 | 00537nam0 2200193 45 | |
| 001 | 0010261840 | |
| 005 | 20010102151054.9 | |
| 010 | @a7-5629-1215-7@d20.00元 | |
| 100 | @a20001026d1997 km y0chiy0120 ea | |
| 101 | 0 | @achi |
| 105 | @a z 000yy | |
| 200 | 1 | @a结构力学@AJie Gou Li Xue@f胡兴国主编@FHu Xing Guo Zhu Bian |
| 210 | @a武汉@c武汉工业大学出版社@d1997.12 | |
| 215 | @a306页@d16开 | |
| 606 | 0 | @a固体力学 |
| 690 | @aO342-43@v3 | |
| 701 | 0 | @a胡兴国@4主编 |
| 801 | @aCN@bPftUser@c20001026 | |
| 905 | @dO342-43@eH282@b318684-685@f2 | |
| 结构力学/胡兴国主编.-武汉:武汉工业大学出版社,1997.12 |
| 306页;16开 |
| ISBN 7-5629-1215-7:20.00元 |
| ● |
| 相关链接 |
|
|
|
正题名:结构力学
索取号:O342-43/H282
 
预约/预借
| 序号 | 登录号 | 条形码 | 馆藏地/架位号 | 状态 | 备注 |
| 1 | 318684 | 203186845 | 自科二线404/404自科库 24排6列2层/ [索取号:O342-43/H282] | 在馆 | |
| 2 | 318685 | 203186854 | 自科二线504/504自科库 49排3列5层/ [索取号:O342-43/H282] | 在馆 |